Tous les personnages de Agent du shield - Statistiques

Statistiques générales
  • Ce quiz a été pris 30 fois
  • Le résultat moyen est 22 sur 87
Statistiques - réponses
Hint Réponse % Correct
Personnage principale Phil Coulson
100%
Personnage principale Daisy
86%
Personnage principale Melinda May
86%
Saison 1 Agent Mack
81%
Personnage principale Jemma Simmons
81%
Personnage principale Leopold Fitz
81%
Personnage principale Mack
81%
Personnage principale Lance Hunter
67%
Personnage principale Grant Ward
62%
Personnage principale Bobbi Morse
57%
Invités Maria Hill
57%
Invités Nick Fury
48%
Personnage principale Elena Rodriguez
43%
Saison 1 Antoine Triplett
38%
Saison 1 Raina
38%
Saison 1 Glenn Talbot
33%
Saison 1 Ian Quinn
33%
Saison 1 John Garett
33%
Personnage principale Lincoln Campbell
33%
Saison 4 Aida
29%
Saison 3 Gideon Malick
29%
Saison 3 Hive
29%
Invités Lady Sif
29%
Saison 1 Mike Peterson
29%
Saison 7 Nathaniel Malick
29%
Saison 2 Daniel Whitehall
24%
Personnage principale Deke Shaw
24%
Saison 5 Generale Hale
24%
Saison 3 Holden Radcliffe
24%
Saison 2 Jiaying
24%
Invités Peggy Carter
24%
Saison 3 Piper
24%
Saison 4 Robbie Reyes
24%
Saison 5 Ruby Hale
24%
Saison 3 Stephanie Malick
24%
Saison 1 Victoria Hand
24%
Saison 3 Werner Von Strucker
24%
Saison 2 Agent 33
19%
Saison 4 Anton Ivanov
19%
Saison 5 Enoch
19%
Saison 1 Felix Blake
19%
Saison 2 Gordon
19%
Saison 2 Isabelle Hartley
19%
Saison 4 Jeffrey Mace
19%
Saison 3 Rosalind Price
19%
Saison 5 Sinara
19%
Saison 1 Sitwell
19%
Saison 2 Sunil Bakshi
19%
Saison 3 Will Daniels
19%
Saison 1 Anne Weaver
14%
Saison 2 Calvin Zabo
14%
Saison 2 Carl Creel
14%
Saison 1 Chan Ho Yin
14%
Saison 7 Daniel Sousa
14%
Saison 4 Ellen Nadeer
14%
Saison 5 Flint
14%
Saison 4 Gabe Reyes
14%
Saison 5 Kasius
14%
Saison 7 Kora
14%
Saison 3 Lash
14%
Saison 2 Robert Gonzales
14%
Saison 5 Tess
14%
Saison 1 Akela Amador
10%
Saison 2 Alisha Whitley
10%
Saison 2 Andrew Garner
10%
Saison 1 Camilla Reyes
10%
Saison 6 Damon Keller
10%
Saison 1 Dr Franklin Hall
10%
Saison 4 Eli Morrow
10%
Saison 3 Giyera
10%
Saison 5 Grill
10%
Saison 6 Izel
10%
Saison 3 Joey Gutierrez
10%
Saison 1 Koenig
10%
Saison 4 Lucy Bauer
10%
Saison 3 Luther Banks
10%
Saison 6 Marcus Benson
10%
Saison 6 Sarge
10%
Invités Timothy Dugan
10%
Saison 1 Agent Quan
5%
Saison 1 Agent Tyler
5%
Saison 1 Debbie
5%
Saison 1 Dr Streiten
5%
Saison 2 Kebo
5%
Saison 3 Lucio
5%
Saison 1 Miles Lydon
5%
Saison 1 Tony Diaz
5%
Aucun quiz correspondant
Distribution des résultats
% des personnes avec chaque résultat
Percentile par nombre de réponses
Votre historique - résultats
Vous n’avez pas pris ce quiz